Pharmacology / (Record no. 18403)
[ view plain ]
| 000 -LEADER | |
|---|---|
| fixed length control field | 01382cam a22003855i 4500 |
| 001 - CONTROL NUMBER | |
| control field | 015861207 |
| 003 - CONTROL NUMBER IDENTIFIER | |
| control field | EG-ScBUE |
| 005 - DATE AND TIME OF LATEST TRANSACTION | |
| control field | 20200908113345.0 |
| 008 - FIXED-LENGTH DATA ELEMENTS--GENERAL INFORMATION | |
| fixed length control field | 110726t20122012mdua f b 001 0 eng d |
| 020 ## - INTERNATIONAL STANDARD BOOK NUMBER | |
| International Standard Book Number | 9781451143201 (pbk.) |
| 020 ## - INTERNATIONAL STANDARD BOOK NUMBER | |
| International Standard Book Number | 1451143206 (pbk.) |
| 040 ## - CATALOGING SOURCE | |
| Original cataloging agency | StDuBDS |
| Description conventions | rda |
| Language of cataloging | eng |
| Transcribing agency | StDuBDS |
| Modifying agency | UkCU |
| -- | EG-ScBUE |
| -- | EG-ScBUE |
| 082 04 - DEWEY DECIMAL CLASSIFICATION NUMBER | |
| Classification number | 615.1076 |
| Item number | PHA |
| Edition number | 22 |
| 245 00 - TITLE STATEMENT | |
| Title | Pharmacology / |
| Statement of responsibility, etc | [edited by] Michelle A. Clark [and three other]. |
| 250 ## - EDITION STATEMENT | |
| Edition statement | Fifth edition. |
| 250 ## - EDITION STATEMENT | |
| Edition statement | International edition. |
| 264 #1 - PUBLICATION, DISTRIBUTION, ETC. (IMPRINT) | |
| Place of publication, distribution, etc | Baltimore ; |
| -- | Philadelphia : |
| Name of publisher, distributor, etc | Wolters Kluwer Health / Lippincott Williams & Wilkins, |
| Date of publication, distribution, etc | [2012] |
| 264 #4 - PUBLICATION, DISTRIBUTION, ETC. (IMPRINT) | |
| Date of publication, distribution, etc | c2012 |
| 300 ## - PHYSICAL DESCRIPTION | |
| Extent | xi, 612 pages : |
| Other physical details | illustrations (color) ; |
| Dimensions | 28 cm. |
| 336 ## - CONTENT TYPE | |
| Content type term | text |
| Content type code | txt |
| Source | rdacontent |
| 337 ## - MEDIA TYPE | |
| Media type term | unmediated |
| Media type code | n |
| Source | rdamedia |
| 338 ## - CARRIER TYPE | |
| Carrier type term | volume |
| Carrier type code | nc |
| Source | rdacarrier |
| 490 0# - SERIES STATEMENT | |
| Series statement | Lippincott's illustrated reviews |
| 500 ## - GENERAL NOTE | |
| General note | Index : p. [571]-611.<br/> |
| 504 ## - BIBLIOGRAPHY, ETC. NOTE | |
| Bibliography, etc | Bibliography : p. 612. |
| 650 #7 - SUBJECT ADDED ENTRY--TOPICAL TERM | |
| Topical term or geographic name as entry element | Pharmacology |
| Form subdivision | Outlines, syllabi, etc. |
| Source of heading or term | BUEsh |
| 9 (RLIN) | 36102 |
| 650 #7 - SUBJECT ADDED ENTRY--TOPICAL TERM | |
| Topical term or geographic name as entry element | Pharmacology |
| Form subdivision | Examinations, questions, etc. |
| Source of heading or term | BUEsh |
| 9 (RLIN) | 36103 |
| 651 ## - SUBJECT ADDED ENTRY--GEOGRAPHIC NAME | |
| Source of heading or term | BUEsh |
| 653 ## - INDEX TERM--UNCONTROLLED | |
| Resource For college | Pharmacy |
| Arrived date list | September2014 |
| -- | July2015 |
| -- | August2020 |
| 700 1# - ADDED ENTRY--PERSONAL NAME | |
| Personal name | Clark, Michelle Alexia |
| Relator term | editor. |
| 9 (RLIN) | 36100 |
| 700 1# - ADDED ENTRY--PERSONAL NAME | |
| Personal name | Finkel, Richard, |
| Relator term | editor. |
| 9 (RLIN) | 37575 |
| 700 1# - ADDED ENTRY--PERSONAL NAME | |
| Personal name | Rey, Jose A., |
| Relator term | editor. |
| 700 1# - ADDED ENTRY--PERSONAL NAME | |
| Personal name | Whalen, Karen, |
| Relator term | editor. |
| 9 (RLIN) | 37572 |
| 942 ## - ADDED ENTRY ELEMENTS (KOHA) | |
| Source of classification or shelving scheme | Dewey Decimal Classification |
| Koha item type | Book - Borrowing |
| Withdrawn status | Lost status | Source of classification or shelving scheme | Damaged status | Not for loan | Collection code | Home library | Current library | Shelving location | Date acquired | Source of acquisition | Cost, normal purchase price | Total Checkouts | Full call number | Barcode | Date last seen | Cost, replacement price | Koha item type | Total Renewals | Date checked out | Price effective from |
|---|---|---|---|---|---|---|---|---|---|---|---|---|---|---|---|---|---|---|---|---|
| Dewey Decimal Classification | Baccah | Central Library | Central Library | First floor | 23/09/2014 | 150.00 | 615.1076 PHA | 000036317 | 15/07/2025 | 187.50 | NB - Book (Non borrowing) | |||||||||
| Dewey Decimal Classification | Baccah | Central Library | Central Library | First floor | 23/09/2014 | 150.00 | 6 | 615.1076 PHA | 000036318 | 15/07/2025 | 187.50 | Book - Borrowing | 57 | 02/03/2020 | ||||||
| Dewey Decimal Classification | Baccah | Central Library | Central Library | First floor | 23/09/2014 | 150.00 | 3 | 615.1076 PHA | 000036319 | 15/07/2025 | 200.00 | Book - Borrowing | 23 | 24/03/2015 | ||||||
| Dewey Decimal Classification | Baccah | Central Library | Central Library | First floor | 23/09/2014 | 150.00 | 3 | 615.1076 PHA | 000036320 | 15/07/2025 | 200.00 | Book - Borrowing | 23 | 17/02/2015 | ||||||
| Dewey Decimal Classification | Baccah | Central Library | Central Library | First floor | 23/09/2014 | 150.00 | 4 | 615.1076 PHA | 000036321 | 15/07/2025 | 200.00 | Book - Borrowing | 18 | 02/11/2020 | ||||||
| Dewey Decimal Classification | unknown | Central Library | Central Library | First floor | 30/08/2020 | Purchase | 1 | 615.1076 PHA | 000049592 | 15/07/2025 | Book - Borrowing | 16/12/2020 | 30/08/2020 |